| 000 | 00603nam a22001937a 4500 | ||
|---|---|---|---|
| 003 | OSt | ||
| 005 | 20180116183053.0 | ||
| 008 | 160901b xxu||||| |||| 00| 0 eng d | ||
| 020 | _a8124201692 | ||
| 040 | _c0 | ||
| 082 | _a658.3 SHE 1999 | ||
| 100 | _aSheal,Peter | ||
| 245 |
_aThe Art of HRD : _bStaff Development an action guide for managers and supervisors volume 6. _cPeter Sheal |
||
| 250 | _aVolume 6 | ||
| 260 |
_aIndia _bKogan Page _c1999. |
||
| 300 |
_a234 p. _bPB. |
||
| 440 | _aThe Art of HRD :Staff Development an action guide for managers and supervisors volume 6. | ||
| 942 |
_2ddc _cBK |
||
| 999 |
_c351723 _d351723 |
||